[Event "RA-2013-0-00265"]
[Site "LSS email"]
[Date "2013.03.29"]
[Round "?"]
[White "Rovchakov, Vladimir Petrovich"]
[Black "Pepermans, Toon"]
[Result "0-1"]
[WhiteElo "2020"]
[BlackElo "2355"]
[PlyCount "34"]
[EventDate "2013.02.15"]
[EventType "tourn (corr)"]
[EventRounds "6"]
[EventCountry "GER"]
[SourceTitle "Corr 2015"]
[Source "ChessBase"]
[SourceDate "2015.07.17"]
[SourceVersion "1"]
[SourceVersionDate "2015.07.17"]
[SourceQuality "1"]

1. d4 f5 2. g3 Nf6 3. Bg2 e6 4. c4 c6 5. Nf3 d5 6. 0-0 Bd6 7. b3 0-0 8. Ba3 b6 9. Bxd6 Qxd6 10. Nbd2 Nbd7 11. Rc1 Bb7 12. Qc2 Ne4 13. Rfd1 Qe7 14. e3 Rac8 15. Ne5 Nxe5 16. dxe5 g5 17. f3 Nxd2 0-1

[Event "ZH-2012-0-00923"]
[Site "LSS email"]
[Date "2012.11.12"]
[Round "?"]
[White "Jarabinsky, Martin"]
[Black "Rovchakov, Vladimir Petrovich"]
[Result "1-0"]
[WhiteElo "2164"]
[BlackElo "2020"]
[PlyCount "73"]
[EventDate "2012.11.09"]
[EventType "match (corr)"]
[EventRounds "2"]
[EventCountry "GER"]
[SourceTitle "Telechess CBM 161"]
[Source "ChessBase"]
[SourceDate "2014.07.16"]
[SourceVersion "1"]
[SourceVersionDate "2014.07.16"]
[SourceQuality "1"]

1. c4 Nf6 2. d4 g6 3. Nc3 d5 4. Nf3 Bg7 5. Qb3 dxc4 6. Qxc4 0-0 7. e4 Bg4 8. Be3 Nfd7 9. Nd2 Nb6 10. Qc5 c6 11. h3 Be6 12. Be2 a5 13. Rd1 Nc8 14. d5 cxd5 15. exd5 Bf5 16. 0-0 Na6 17. Bxa6 Rxa6 18. Rfe1 Nd6 19. Nc4 Re8 20. Nxd6 exd6 21. Qb5 Qd7 22. Qb3 h5 23. Bf4 Raa8 24. Qb6 Bf8 25. Rxe8 Qxe8 26. f3 Qd7 27. Rc1 Qd8 28. Qxd8 Rxd8 29. b3 Rc8 30. Ne4 Rxc1+ 31. Bxc1 Bxe4 32. fxe4 Bg7 33. Kf1 Bd4 34. Ke2 Bc5 35. Kd3 Kg7 36. Bb2+ Kf8 37. Bc3 1-0

[Event "CP-2012-P-00009"]
[Site "LSS email"]
[Date "2012.10.01"]
[Round "?"]
[White "Pott, Brian"]
[Black "Rovchakov, Vladimir Petrovich"]
[Result "0-1"]
[WhiteElo "1787"]
[BlackElo "2020"]
[PlyCount "80"]
[EventDate "2012.10.05"]
[EventType "tourn (corr)"]
[EventRounds "6"]
[EventCountry "GER"]
[SourceTitle "Telechess CBM 161"]
[Source "ChessBase"]
[SourceDate "2014.07.16"]
[SourceVersion "1"]
[SourceVersionDate "2014.07.16"]
[SourceQuality "1"]

1. e4 d5 2. exd5 Qxd5 3. Nc3 Qa5 4. d4 Nf6 5. Nf3 c6 6. Bc4 Bf5 7. Bd2 e6 8. Ne4 Qd8 9. Ng3 Bg6 10. h4 Nh5 11. Qe2 Nd7 12. 0-0-0 Qc7 13. Ng5 Ndf6 14. Bxe6 fxe6 15. Nxe6 Qf7 16. d5 Nxg3 17. fxg3 cxd5 18. Nc7+ Kd7 19. Nxa8 Bd6 20. Qb5+ Kc8 21. Be3 Kb8 22. Qa5 b6 23. Nxb6 Qc7 24. Rd2 Re8 25. Qb5 axb6 26. Bxb6 Qb7 27. Qb3 Rc8 28. Be3 Qxb3 29. axb3 Bb4 30. Bf4+ Kb7 31. c3 Ra8 32. Rdd1 Bc5 33. Rhf1 Ra1+ 34. Kd2 Ra2 35. Kc1 d4 36. b4 Nd5 37. Rf3 dxc3 38. Rxc3 Nxc3 39. bxc3 Rc2+ 40. Kb1 Rxc3+ 0-1

[Event "CP-2012-P-00009"]
[Site "LSS email"]
[Date "2012.10.01"]
[Round "?"]
[White "Rovchakov, Vladimir Petrovich"]
[Black "Wajnberg, Piotr"]
[Result "1/2-1/2"]
[WhiteElo "2020"]
[BlackElo "2246"]
[PlyCount "59"]
[EventDate "2012.10.05"]
[EventType "tourn (corr)"]
[EventRounds "6"]
[EventCountry "GER"]
[SourceTitle "Telechess CBM 161"]
[Source "ChessBase"]
[SourceDate "2014.07.16"]
[SourceVersion "1"]
[SourceVersionDate "2014.07.16"]
[SourceQuality "1"]

1. e4 c5 2. Nf3 d6 3. d4 cxd4 4. Nxd4 Nf6 5. Nc3 a6 6. Bg5 Nbd7 7. Bc4 Qb6 8. Nb3 e6 9. Be2 Qc7 10. a4 b6 11. Qd3 Bb7 12. 0-0 Be7 13. Qe3 0-0 14. Rad1 h6 15. Bf4 e5 16. Bg3 Rfe8 17. h3 Rad8 18. Rfe1 Nf8 19. Rd2 d5 20. exd5 Nxd5 21. Nxd5 Bxd5 22. Bxe5 Qb7 23. Red1 Bf6 24. f4 Ng6 25. Qf2 Nxe5 26. fxe5 Bg5 27. Bxa6 Qa8 28. Bb5 Bxd2 29. Bxe8 Bb4 30. Qxb6 1/2-1/2

[Event "SA-2012-0-00288"]
[Site "LSS email"]
[Date "2012.08.10"]
[Round "?"]
[White "Malashenkov, Alexei"]
[Black "Rovchakov, Vladimir Petrovich"]
[Result "1-0"]
[WhiteElo "2317"]
[BlackElo "2020"]
[PlyCount "125"]
[EventDate "2012.07.29"]
[EventType "tourn (corr)"]
[EventRounds "6"]
[EventCountry "GER"]
[SourceTitle "Telechess CBM 161"]
[Source "ChessBase"]
[SourceDate "2014.07.16"]
[SourceVersion "1"]
[SourceVersionDate "2014.07.16"]
[SourceQuality "1"]

1. d4 Nf6 2. c4 c5 3. d5 b5 4. cxb5 a6 5. bxa6 g6 6. Nc3 Bxa6 7. e4 Bxf1 8. Kxf1 d6 9. Nf3 Bg7 10. h3 0-0 11. g3 Nbd7 12. Kg2 Qa5 13. Bd2 Rfb8 14. Qc2 Qb6 15. Rab1 Ne8 16. b3 Nc7 17. a4 Qb7 18. Rhe1 Qa7 19. h4 Nf6 20. Bg5 h5 21. Bxf6 Bxf6 22. e5 Bg7 23. Rbd1 Qb7 24. Ne4 Ra6 25. Nfg5 Rf8 26. exd6 exd6 27. Kg1 Qb4 28. Qd3 Qb7 29. g4 Qc8 30. gxh5 Qg4+ 31. Qg3 gxh5 32. Kf1 Bd4 33. Qxg4 hxg4 34. Ng3 Nxd5 35. Nf5 Nc3 36. Rd3 Rb6 37. Nxd4 cxd4 38. Rxd4 Rxb3 39. Rxg4 Rfb8 40. Ne4+ Kh7 41. Nf6+ Kh6 42. a5 R3b4 43. a6 Rxg4 44. Nxg4+ Kg6 45. Ra1 Nd5 46. Ne3 Ne7 47. Rc1 Ra8 48. Rc7 Nc8 49. Kg2 Kf6 50. Kf3 Ke6 51. h5 Kf6 52. Kf4 Ne7 53. a7 d5 54. Rb7 Ke6 55. h6 Ng6+ 56. Kg5 d4 57. Nc4 d3 58. h7 Kd5 59. Rc7 d2 60. Nxd2 Nf8 61. Rxf7 Ne6+ 62. Kf6 Nf4 63. Nf3 1-0

[Event "SA-2012-0-00288"]
[Site "LSS email"]
[Date "2012.08.10"]
[Round "?"]
[White "Rovchakov, Vladimir Petrovich"]
[Black "Markus, Roland"]
[Result "0-1"]
[WhiteElo "2020"]
[BlackElo "2232"]
[PlyCount "118"]
[EventDate "2012.07.29"]
[EventType "tourn (corr)"]
[EventRounds "6"]
[EventCountry "GER"]
[SourceTitle "Telechess CBM 161"]
[Source "ChessBase"]
[SourceDate "2014.07.16"]
[SourceVersion "1"]
[SourceVersionDate "2014.07.16"]
[SourceQuality "1"]

1. d4 Nf6 2. c4 e6 3. Nc3 Bb4 4. e3 0-0 5. Bd3 d5 6. cxd5 exd5 7. Nge2 Re8 8. 0-0 Bd6 9. Bd2 Nbd7 10. Rc1 a6 11. Ng3 b5 12. Nf5 Bf8 13. Qf3 c6 14. Qf4 Nh5 15. Qf3 g6 16. Ng3 Ng7 17. Nce2 Bb7 18. Nf4 c5 19. Bb1 Rb8 20. dxc5 Nxc5 21. Qd1 Nce6 22. Nd3 h5 23. h3 Bd6 24. Ne2 Nf5 25. Ne1 Qf6 26. Nf3 Nh4 27. Nxh4 Qxh4 28. f4 d4 29. exd4 Qf6 30. Be3 Ng7 31. Bd2 Be4 32. a3 Bxb1 33. Rxb1 Nf5 34. Rf2 Re4 35. Bc3 Rbe8 36. Qd2 Bc7 37. Rc1 Bb6 38. Rc2 h4 39. Qd3 Qe6 40. Kh2 Re3 41. Qd1 a5 42. Qb1 Qe4 43. Qd1 b4 44. axb4 axb4 45. Bxb4 Ng3 46. Ng1 Rd3 47. Rcd2 Rxd4 48. Ba5 Rxd2 49. Qxd2 Bc5 50. Bc3 Qa4 51. b4 Ne4 52. bxc5 Nxd2 53. Rxd2 Qxf4+ 54. Kh1 f6 55. Rd6 Qg3 56. Bd2 Kf7 57. Rd7+ Re7 58. Rxe7+ Kxe7 59. Nf3 Qf2 0-1

[Event "SA-2012-0-00288"]
[Site "LSS email"]
[Date "2012.08.10"]
[Round "?"]
[White "Silva Filho, Alcindo Luz Bastos"]
[Black "Rovchakov, Vladimir Petrovich"]
[Result "1/2-1/2"]
[WhiteElo "2047"]
[BlackElo "2020"]
[PlyCount "40"]
[EventDate "2012.07.29"]
[EventType "tourn (corr)"]
[EventRounds "6"]
[EventCountry "GER"]
[SourceTitle "Telechess CBM 161"]
[Source "ChessBase"]
[SourceDate "2014.07.16"]
[SourceVersion "1"]
[SourceVersionDate "2014.07.16"]
[SourceQuality "1"]

1. e4 c5 2. Nf3 d6 3. d4 cxd4 4. Nxd4 Nf6 5. Nc3 Nc6 6. Be2 Bd7 7. Bg5 Qa5 8. Bxf6 gxf6 9. 0-0 Nxd4 10. Qxd4 Rc8 11. Nd5 Qc5 12. Qd3 Qxc2 13. Qe3 Bh6 14. Qxh6 Qxe2 15. Qg7 Rf8 16. Rac1 Bc6 17. Rfe1 Qxb2 18. e5 fxe5 19. Qg5 f6 20. Qf5 Rb8 1/2-1/2

[Event "BI-2012-P-00015"]
[Site "LSS email"]
[Date "2012.04.20"]
[Round "?"]
[White "Pijl, Richard"]
[Black "Rovchakov, Vladimir Petrovich"]
[Result "1-0"]
[WhiteElo "2317"]
[BlackElo "2072"]
[PlyCount "129"]
[EventDate "2012.04.22"]
[EventType "tourn (corr)"]
[EventRounds "10"]
[EventCountry "GER"]
[SourceTitle "Telechess CBM 159"]
[Source "ChessBase"]
[SourceDate "2014.03.17"]
[SourceVersion "1"]
[SourceVersionDate "2014.03.17"]
[SourceQuality "1"]

1. e4 e5 2. Nf3 Nf6 3. Nxe5 d6 4. Nf3 Nxe4 5. d4 d5 6. Bd3 Nc6 7. 0-0 Be7 8. c4 Nb4 9. Be2 0-0 10. Nc3 Be6 11. Ne5 f6 12. Nf3 Kh8 13. Re1 f5 14. a3 Nc6 15. cxd5 Bxd5 16. Bf4 Bf6 17. Bb5 a6 18. Bxc6 Bxc6 19. Rc1 Nxc3 20. Rxc3 Bxf3 21. Qxf3 Qxd4 22. Rxc7 Qxb2 23. Rxb7 Rae8 24. Rd1 Qe2 25. Qxe2 Rxe2 26. g3 Ra2 27. Rd3 Ra8 28. h4 h6 29. Be3 a5 30. Kg2 Rc8 31. Kf3 Kh7 32. h5 Ra1 33. Rd6 Kh8 34. Bxh6 Rxa3+ 35. Kg2 a4 36. Ra7 Be5 37. Rd5 Bb2 38. Be3 f4 39. Bxf4 Ra2 40. Be3 Ra1 41. g4 a3 42. g5 Kg8 43. g6 Re1 44. Rda5 Rd1 45. Ra8 Rdd8 46. Rxc8 Rxc8 47. Bc5 Re8 48. Bxa3 Bxa3 49. Rxa3 Rb8 50. f4 Kf8 51. Kf3 Rc8 52. f5 Rb8 53. f6 gxf6 54. h6 Kg8 55. Ra7 Rb3+ 56. Ke4 Rb4+ 57. Kd5 Rb5+ 58. Kd6 Rb8 59. h7+ Kh8 60. Ke6 Rb6+ 61. Kf7 Rb8 62. Re7 Rd8 63. Re6 Ra8 64. Kxf6 Rc8 65. Kg5 1-0

[Event "ZH-2012-0-00726"]
[Site "LSS email"]
[Date "2012.03.15"]
[Round "?"]
[White "Nowak, Ireneusz"]
[Black "Rovchakov, Vladimir Petrovich"]
[Result "1/2-1/2"]
[WhiteElo "2096"]
[BlackElo "2133"]
[PlyCount "111"]
[EventDate "2012.03.05"]
[EventType "match (corr)"]
[EventRounds "2"]
[EventCountry "GER"]
[SourceTitle "Telechess CBM 165"]
[Source "ChessBase"]
[SourceDate "2015.03.11"]
[SourceVersion "1"]
[SourceVersionDate "2015.03.11"]
[SourceQuality "1"]

1. e4 e5 2. d4 exd4 3. c3 dxc3 4. Bc4 cxb2 5. Bxb2 Bb4+ 6. Kf1 Nf6 7. e5 d5 8. exf6 dxc4 9. Qe2+ Be6 10. fxg7 Rg8 11. Nc3 Rxg7 12. Rd1 Qg5 13. Qf3 Nd7 14. Ne4 Qg6 15. Bxg7 Qxg7 16. Nh3 Bg4 17. Qg3 Qg6 18. Nf4 Qxe4 19. Qxg4 0-0-0 20. Qf3 Qxf3 21. gxf3 Bd6 22. Ne2 Ne5 23. f4 Nd3 24. Rg1 h6 25. Rg7 Rf8 26. Rh7 Bc5 27. Nc3 Nxf2 28. Rd5 Nd3 29. Rf5 Bd6 30. Rxh6 Bxf4 31. Rh4 Be5 32. Rxc4 Nb2 33. Rc5 Bd4 34. Rxc7+ Kxc7 35. Nb5+ Kd7 36. Nxd4 Nc4 37. Ke2 f6 38. Rd5+ Ke7 39. Rh5 Ne5 40. Ke3 Rg8 41. Rh7+ Nf7 42. Nb5 Re8 43. Kf4 Kf8 44. a4 Kg8 45. Rh3 a6 46. Nc3 Re1 47. Nd5 Kg7 48. Rg3+ Ng5 49. Rb3 Ne6+ 50. Kg4 Nc5 51. Rc3 Ne6 52. Rb3 Nd8 53. Rb6 Re4+ 54. Kf3 Rxa4 55. Nxf6 Ra1 56. Ne4 1/2-1/2

[Event "SA-2011-0-00220"]
[Site "LSS email"]
[Date "2011.10.10"]
[Round "?"]
[White "Rovchakov, Vladimir Petrovich"]
[Black "Knoeppel, Bjoern"]
[Result "1-0"]
[WhiteElo "2120"]
[BlackElo "2032"]
[PlyCount "91"]
[EventDate "2011.09.18"]
[EventType "tourn (corr)"]
[EventRounds "6"]
[EventCountry "GER"]
[SourceTitle "Corr 2015"]
[Source "ChessBase"]
[SourceDate "2015.07.17"]
[SourceVersion "1"]
[SourceVersionDate "2015.07.17"]
[SourceQuality "1"]

1. c4 e5 2. Nc3 Nf6 3. Nf3 Nc6 4. g3 d5 5. cxd5 Nxd5 6. Bg2 Nb6 7. 0-0 Be7 8. a3 0-0 9. b4 Be6 10. Rb1 f6 11. d3 Nd4 12. Bb2 Nxf3+ 13. Bxf3 c6 14. Ne4 Nd7 15. Bc3 f5 16. Nd2 Qc7 17. Qc2 Nb6 18. Bg2 Rad8 19. Ba1 a6 20. Nb3 Nd7 21. Bh3 Kh8 22. e4 Bxb3 23. Qxb3 f4 24. Rbd1 Bf6 25. gxf4 exf4 26. d4 Rde8 27. e5 Bg5 28. a4 Nb6 29. b5 axb5 30. axb5 Nd5 31. bxc6 bxc6 32. Rc1 Rd8 33. Qf3 Be7 34. Be6 Qb7 35. Rfd1 Qa6 36. Kh1 Ba3 37. Rb1 Nc7 38. Bb3 Nd5 39. Rg1 g6 40. Bc2 Rb8 41. Bxg6 hxg6 42. Qh3+ Kg7 43. Rxg6+ Kxg6 44. Qe6+ Kh7 45. Rg1 Qd3 46. Qg4 1-0

[Event "SM-2011-0-00162"]
[Site "LSS email"]
[Date "2011.07.06"]
[Round "?"]
[White "Rovchakov, Vladimir Petrovich"]
[Black "Pijl, Richard"]
[Result "0-1"]
[WhiteElo "2132"]
[BlackElo "2318"]
[PlyCount "94"]
[EventDate "2011.06.05"]
[EventType "tourn (corr)"]
[EventRounds "6"]
[EventCountry "GER"]
[SourceTitle "Telechess CBM 153"]
[Source "ChessBase"]
[SourceDate "2013.03.14"]
[SourceVersion "1"]
[SourceVersionDate "2013.03.14"]
[SourceQuality "1"]

1. d4 Nf6 2. c4 c5 3. d5 b5 4. cxb5 a6 5. bxa6 g6 6. Nc3 Bxa6 7. g3 Bg7 8. Bg2 d6 9. Nf3 Nbd7 10. 0-0 Nb6 11. Re1 0-0 12. e4 Nfd7 13. Qc2 Nc4 14. Bg5 Qa5 15. Rec1 h6 16. Bd2 Rfb8 17. b3 Nxd2 18. Qxd2 Rb4 19. Bh3 Ne5 20. Nxe5 Bxe5 21. Qc2 h5 22. Rab1 h4 23. a4 c4 24. Bd7 Kg7 25. Bb5 Bxb5 26. Nxb5 cxb3 27. Rxb3 Rc8 28. Qxc8 Rxb3 29. Nc7 Qxa4 30. Ne8+ Kh7 31. Qg4 Rb8 32. Nc7 Bb2 33. Rc6 Qa1+ 34. Kg2 Bf6 35. Qe2 Rb1 36. Ne8 Rh1 37. Nxf6+ exf6 38. gxh4 Qg1+ 39. Kf3 Rxh2 40. Ke3 Rh3+ 41. Kd2 Qa1 42. f3 Rh1 43. h5 gxh5 44. Rc4 h4 45. e5 fxe5 46. Rc2 Qa5+ 47. Ke3 Re1 0-1

[Event "SM-2011-0-00162"]
[Site "LSS email"]
[Date "2011.07.06"]
[Round "?"]
[White "Schroeder, Christoph"]
[Black "Rovchakov, Vladimir Petrovich"]
[Result "1-0"]
[WhiteElo "2206"]
[BlackElo "2132"]
[PlyCount "117"]
[EventDate "2011.06.05"]
[EventType "tourn (corr)"]
[EventRounds "6"]
[EventCountry "GER"]
[SourceTitle "Telechess CBM 153"]
[Source "ChessBase"]
[SourceDate "2013.03.14"]
[SourceVersion "1"]
[SourceVersionDate "2013.03.14"]
[SourceQuality "1"]

1. e4 c5 2. Nf3 d6 3. d4 cxd4 4. Nxd4 Nf6 5. Nc3 a6 6. Bg5 e6 7. f4 Qb6 8. Qd2 Qxb2 9. Rb1 Qa3 10. e5 dxe5 11. fxe5 Nfd7 12. Ne4 h6 13. Bh4 Qxa2 14. Rd1 Qd5 15. Qe3 Qxe5 16. Be2 Bc5 17. Bg3 Bxd4 18. Rxd4 Qa5+ 19. Rd2 0-0 20. Bd6 Rd8 21. Qg3 Qf5 22. Be5 Qg6 23. Qh4 Nc6 24. Bh5 Qf5 25. Bxg7 Nc5 26. Nxc5 Kxg7 27. Rf1 Qe5+ 28. Ne4 Qa1+ 29. Rd1 Rxd1+ 30. Bxd1 Qe5 31. Rf6 Bd7 32. Qxh6+ Kg8 33. Rf4 f5 34. Rh4 Rd8 35. Rh3 Qxe4+ 36. Kf1 Qe5 37. Rg3+ Qxg3 38. hxg3 Be8 39. Bf3 Rd6 40. g4 fxg4 41. Bxg4 Nd8 42. Qg5+ Kf8 43. Qf6+ Bf7 44. Bf3 Rd7 45. g4 Nc6 46. g5 Ne7 47. g6 Nxg6 48. Bh5 Ne5 49. Qxe5 Bxh5 50. Qxh5 Ke7 51. Qe5 Kf7 52. c4 Ke7 53. Ke2 Kd8 54. Qb8+ Ke7 55. Ke3 Kf7 56. Ke4 Kf6 57. Qf8+ Rf7 58. Qd8+ Kg6 59. Ke5 1-0